Office administration and management (Record no. 41908)

MARC details
000 -LEADER
fixed length control field 00456nam a2200181Ia 4500
020 ## - INTERNATIONAL STANDARD BOOK NUMBER
ISBN 9789782669490
050 ## - CALL MARK
Classification number HF 5547 .O33/
100 ## - STATEMENT OF RESPONSIBILITY--MAIN AUTHOR NAME
Personal name Ohakwe, Sabastine N.
245 #0 - TITLE STATEMENT
Title Office administration and management
260 ## - PUBLICATION, DISTRIBUTION, ETC. (IMPRINT)
Place of publication Owerri, Imo State
260 ## - PUBLICATION, DISTRIBUTION, ETC. (IMPRINT)
Name of publisher Readon Publishers Ltd.
260 ## - PUBLICATION, DISTRIBUTION, ETC. (IMPRINT)
Year of publication 2012
300 ## - PHYSICAL DESCRIPTION
Number of Pages 260 p
650 ## - SUBJECT ADDED ENTRY--TOPICAL TERM
Topical Term Owerri, Imo State
942 ## - ADDED ENTRY ELEMENTS (KOHA)
Koha item type Books
Holdings
Withdrawn status Lost status Source of classification or shelving scheme Damaged status Not for loan Permanent Location Current Location Shelving location Date acquired Accession Number Price effective from Koha item type
    Library of Congress Classification     NILE UNIVERSITY OF NIGERIA - MAIN LIBRARY NILE UNIVERSITY OF NIGERIA - MAIN LIBRARY Items on shelf 06/03/2025 0195587 06/03/2025 Books
    Library of Congress Classification     NILE UNIVERSITY OF NIGERIA - MAIN LIBRARY NILE UNIVERSITY OF NIGERIA - MAIN LIBRARY Items on shelf 06/03/2025 0195588 06/03/2025 Books